| 000 | 00890nam a2200217 u 4500 | ||
|---|---|---|---|
| 001 | 000291821 | ||
| 003 | AM-YeHGA | ||
| 005 | 20250617125914.0 | ||
| 008 | 031209s1966 ai r 000 0 arm d | ||
| 040 | _aAM-YeHGA | ||
| 041 | 0 | _aarm | |
| 100 | 1 |
_aՀովհաննիսյան, Ալբերտ Սմբատի, _d1924-2004 |
|
| 245 | 1 | 0 |
_aՄորավիայի արծիվը / _cԱ.Ս. Հովհաննիսյան, Ա.Վ. Ռուսակ; Խմբ.՝ Ս.Ա. Պայազատ. |
| 260 |
_aԵրևան : _bՀայաստան, _c1966. |
||
| 300 |
_a208 էջ : _bդիմանկ.լուսանկ. ; _c17 սմ. |
||
| 600 | 1 | 4 | _aՊետրոսյան, Արտեմ Մեսրոպի |
| 650 | 1 | 4 |
_aՀայրենական մեծ պատերազմ _xՀայ հերոսներ |
| 700 | 1 | _aՌուսակ, Անատոլի Վլադիմիրի | |
| 700 | 1 |
_aՊայազատ, Սերգո Արտաշեսի, _d1909-1971 _eխմբ. _4edt |
|
| 090 | _c108103 | ||
| 999 |
_c106777 _d106777 |
||